[Event "Leiden Chess Tournament"]
[Site "Leiden"]
[Date "2017.07.22"]
[Round "8"]
[White "Vrolijk, Liam"]
[Black "Lai, Hing Ting"]
[Result "1-0"]
[WhiteElo "2419"]
[BlackElo "2393"]
[Annotator "TA"]
[PlyCount "81"]
[EventDate "2017.??.??"]
[EventCountry "NED"]
[SourceTitle "playchess.com"]
[Source "ChessBase"]
[SourceQuality "1"]

{[%evp 20,81,-44,-47,-66,-37,-38,-86,-85,-88,-81,-83,-93,-107,-108,-109,-99,-127,-98,-131,-160,-189,-170,-202,-205,-184,-84,-156,-166,-160,-95,-131,-121,-104,-112,-131,-120,-119,-123,-128,-116,-135,-72,-61,0,0,0,0,0,0,16,18,8,8,8,8,8,8,114,82,438,444,435,433]} 1. d4 Nf6 2. c4 e6 3. g3 d5 4. Bg2 Bb4+ 5. Nd2 O-O 6. Ngf3 dxc4 7. O-O b5 {E04: Open Catalan: 5 Nf3} 8. a4 c6 9. axb5 cxb5 10. Ng5 Nd5 11. e4 {LiveBook: 7 Games} Nc7 $1 (11... Qxg5 12. exd5 exd5 13. Nxc4 $1 $14 {[%mdl 512]}) (11... Ne7 12. e5 Nd5 13. Nxh7 Kxh7 14. Qh5+ Kg8 15. Ne4 f6 16. Nxf6+ gxf6 17. Qg6+ Kh8 18. Qh5+ Kg8 {½-½ (18) Ivanchuk,V (2732)-Hou,Y (2649) Shenzhen 2017}) 12. Ndf3 $146 {Strongly threatening Nxh7!} ({Predecessor:} 12. Nxh7 Kxh7 13. Qh5+ Kg8 14. e5 Bxd2 15. Bxd2 {0-1 (30) Wang,K (2367)-Friedel,J (2528) Madison 2017}) 12... h6 13. Nh3 Bb7 14. Qe2 Nc6 {[%cal Bb8c6,Bc6a5,Ba5b3][%mdl 32]} 15. Rd1 Na5 16. Bf4 Nb3 17. Rab1 Bd6 18. Ne5 Qe7 $36 {[%mdl 2048] Black is in control.} 19. Qh5 Ne8 $1 20. Bxh6 {[#]} Bxe5 $1 21. dxe5 gxh6 22. Qxh6 {[#]} f6 (22... Nc5 $1 $19 {and Black stays clearly on top. ...a6 is the strong threat.} 23. Ra1 (23. Ng5 $2 f6 $19) 23... a6) 23. Nf4 (23. exf6 $142 Qxf6 24. Qh5) 23... fxe5 ({Resist} 23... Qg7 24. Qh3 $11) 24. Nxe6 Qf6 (24... Rf6 $142 25. Qg5+ Ng7 26. Nxg7 Qxg7 27. Qxe5 a6) 25. Qxf8+ $17 Qxf8 26. Nxf8 Kxf8 27. Rd7 Nc5 28. Rh7 Bxe4 29. Bxe4 Nxe4 30. Rh5 Kf7 (30... a5 $142 31. Rd1 a4 32. Rxe5 N4d6) 31. Re1 Nd2 (31... N4d6 $15) 32. Rf5+ $11 Nf6 33. Rexe5 b4 $1 34. g4 {aiming for g5.} Kg6 35. Re6 Rf8 $1 36. h4 {[%cal Bh2h4,Bh4h5][%mdl 32] White wants to play h5+.} c3 37. bxc3 b3 {White must now prevent ...b2.} 38. Rb5 {Threatens to win with g5.} Re8 (38... Kg7 $11 {remains equal.}) 39. Rd6 b2 $2 {[%mdl 8192]} (39... Nc4 $16 40. h5+ Kf7) 40. h5+ $18 ({Not} 40. Rxd2 Re1+ 41. Kg2 b1=Q $14) 40... Kf7 41. Rxb2 {Precision: White = 69%, Black = 45%.} ({Weaker is} 41. Rxd2 Re1+ 42. Kg2 b1=Q $14) 1-0

[Event "Leiden Chess Tournament"]
[Site "Leiden"]
[Date "2017.07.22"]
[Round "8"]
[White "De Rover, Yong Hoon"]
[Black "Pijpers, Arthur"]
[Result "1/2-1/2"]
[WhiteElo "2385"]
[BlackElo "2457"]
[Annotator "TA"]
[PlyCount "150"]
[EventDate "2017.??.??"]
[EventCountry "NED"]
[SourceTitle "playchess.com"]
[Source "ChessBase"]
[SourceQuality "1"]

{[%evp 19,150,20,27,6,6,0,19,17,20,16,35,24,35,15,18,5,15,5,14,8,10,9,0,24,37,-14,53,20,20,0,0,9,17,15,35,-15,6,5,15,4,8,7,60,71,112,65,101,19,16,0,0,0,27,8,8,8,8,8,8,8,13,8,8,8,86,86,110,77,71,68,121,121,103,67,128,66,61,59,70,70,70,70,70,70,70,70,72,70,72,70,69,69,150,155,154,147,152,110,110,110,110,110,110,110,110,32,32,0,0,0,0,0,0,0,32,0,0,0,0,0,0,0,32,0,6,0,32,32,32,32,32,7,1055]} 1. e4 c5 2. Nf3 Nc6 3. Bb5 e6 4. Bxc6 bxc6 5. b3 f6 6. O-O Nh6 7. d4 {B30: Sicilian: 2...Nc6 3 Bb5, lines without ...g6} Nf7 8. Ba3 cxd4 (8... Qb6 9. Nc3 cxd4 10. Na4 Qa5 11. Bxf8 Kxf8 12. Nxd4 g6 13. f4 Kg7 14. Kh1 c5 {½-½ (30) Naiditsch,A (2711)-Krasenkow,M (2614) Jurmala 2015}) 9. Bxf8 Kxf8 10. Qxd4 e5 {LiveBook: 5 Games} 11. Qc5+ Qe7 12. Qa5 $146 ({Predecessor:} 12. Qxe7+ Kxe7 13. c4 a5 14. Nc3 d6 {½-½ (34) Pavlikov,A-Dobrica,D RCCA 2004}) 12... g6 13. c4 d6 14. Nc3 Be6 15. Rad1 Kg7 16. Rfe1 Qb7 17. Rd3 Qb6 18. Qa3 a5 19. Qc1 Rhd8 20. Red1 Qa7 21. h3 h6 22. Qe3 (22. Na4 $14) 22... f5 (22... a4 $11) 23. Qxa7 Rxa7 24. Nd2 Rad7 25. f3 Ng5 26. Na4 Bf7 27. c5 {Black must now prevent Nb6.} dxc5 (27... d5 $5 {[%cal Rd5e4]} 28. Nb6 Rc7 $11) 28. Rxd7 Rxd7 29. Nxc5 Rd4 30. Kf2 a4 (30... Ne6 $11 31. Nxe6+ Bxe6) 31. h4 Ne6 32. Nxa4 fxe4 {[#]} 33. fxe4 (33. Nc3 $1 $16) 33... g5 $11 {...Bh5 is the strong threat.} 34. Nc3 {And now Nf3 would win.} Nc5 $1 35. hxg5 hxg5 36. Ke2 Bh5+ 37. Nf3 {Black should prevent Ke3.} Nxe4 38. Nxe4 Rxe4+ {[%mdl 4096] Endgame KRB-KRN} 39. Kf2 g4 40. Rd7+ Kf6 41. Nd2 Rf4+ (41... g3+ $11 {remains equal.} 42. Kxg3 Re2) 42. Ke3 $16 Be8 43. Rd6+ (43. Rc7 {with more complications.} Rd4 44. a4 Rd5 45. Nc4 Rd1 46. a5) 43... Ke7 44. Rh6 Rd4 (44... g3 $14) 45. Nc4 Rd5 46. Ke4 g3 (46... Rd1 $14) 47. Nxe5 (47. a4 $16) 47... Rd2 $14 48. Kf3 $1 c5 49. Ra6 Bb5 50. Ra5 Bf1 51. Ng6+ $1 Kd6 52. Nf4 c4 53. bxc4 Bxc4 54. a3 Kc6 55. Kxg3 Ra2 {[#]} (55... Bb5 $14) 56. Kh4 $1 $16 Kb6 57. Ra8 Bb5 58. Rb8+ Kc5 59. Ne6+ Kd6 60. Rxb5 Kxe6 {KR-KR} 61. g4 Rxa3 62. Rf5 (62. Kg5 $16) 62... Ra8 $14 63. Kg3 Rb8 64. Kf4 Ra8 65. Kg3 Rg8 66. Rf4 Ke5 67. Rf2 Ke6 68. Kh4 {Hoping for g5.} Rh8+ $1 69. Kg3 Rg8 70. Rf5 Ra8 71. Kf4 Rb8 72. Kg3 Rg8 73. Rf1 Ke5 74. Rf3 Ke6 75. Kh4 {Strongly threatening g5.} Ke5 $2 {[%mdl 40960] Precision: White = 52%, Black = 52%. . An unexpected result.} (75... Rh8+ $11 76. Kg3 Rh7) 1/2-1/2

[Event "Leiden Chess Tournament"]
[Site "Leiden"]
[Date "2017.07.22"]
[Round "8"]
[White "Van Delft, Merijn"]
[Black "Perske, Thore"]
[Result "1/2-1/2"]
[WhiteElo "2384"]
[BlackElo "2413"]
[Annotator "TA"]
[PlyCount "107"]
[EventDate "2017.??.??"]
[EventCountry "NED"]
[SourceTitle "playchess.com"]
[Source "ChessBase"]
[SourceQuality "1"]

{[%evp 17,107,0,1,0,12,0,6,12,108,107,113,104,90,88,172,182,167,160,216,9,15,0,0,0,0,0,0,0,0,0,13,14,44,5,22,-8,-2,-9,-9,-9,-8,-12,-12,-12,-20,-17,-23,-20,-13,-97,-8,-8,-8,-8,-8,-29,-29,-29,-29,-29,-29,-29,-29,-29,-29,-29,-29,-29,-29,-29,0,0,0,0,0,-8,-8,-8,-8,-8,-8,-8,-8,-8,0,0,0,0,0,0,0,0]} 1. e4 e6 2. d4 d5 3. Nc3 Bb4 4. e5 c5 5. a3 Bxc3+ 6. bxc3 Qa5 7. Bd2 Qa4 8. Qg4 Kf8 9. Nf3 Ne7 10. Be2 {C18: French: 3 Nc3 Bb4: Main line: 7 h4 and 7 Qg4} (10. h3 Nd7 11. Bd3 c4 12. Be2 Qxc2 13. O-O h6 14. Rfe1 Qe4 15. Qxe4 dxe4 16. Nh2 Nb6 17. a4 Bd7 {1-0 (60) Motylev,A (2660)-Kovalenko,I (2667) Poikovsky 2016}) 10... Nbc6 11. O-O Qxc2 (11... b6 {seems wilder.} 12. Qf4 Ba6 13. Bxa6 Qxa6 14. dxc5 bxc5 15. Ng5 Nd8) 12. dxc5 Qe4 (12... Nxe5 $11 13. Nxe5 Qxd2) 13. Qxe4 $16 dxe4 {[#]} 14. Ng5 $1 Nxe5 15. Nxe4 f5 $146 (15... Bd7 $16) ({Predecessor:} 15... N7c6 16. f4 Nd7 17. Be3 Ke7 {1-0 (37) Haug,J (2307)-Robertsen,B (1809) Oslo 2016}) 16. Nd6 $18 Nd7 17. Bf3 e5 (17... Nxc5 $16 {was necessary.} 18. Rfb1 e5) 18. Nxc8 $2 (18. Be3 $18) 18... Rxc8 $11 19. Bxb7 Rc7 20. Rab1 Kf7 21. c6 Nxc6 22. Bxc6 Rxc6 23. Rb7 Rd6 24. Be3 f4 25. Bxa7 (25. Bc5 $5 Rd5 26. Bb4 $11 (26. Bxa7 Rc8 $11) (26. Rxa7 Rxc5 27. Rxd7+ Kg6 $11)) 25... Rc8 26. h4 Ke6 27. Rc1 Rdc6 28. f3 Rxc3 29. Rxc3 Rxc3 {[%mdl 4096] Endgame KRB-KRN} 30. a4 Ra3 31. Rb4 Ra1+ 32. Kh2 h6 33. g3 {[#]} (33. g4 $11) 33... g5 ({Better is} 33... Ra2+ $1 $17 34. Kh3 fxg3 35. Kxg3 Nf6) 34. hxg5 hxg5 35. gxf4 gxf4 36. Kg2 (36. Bb6 $5) 36... Ra2+ 37. Kf1 Kf5 38. Bb8 Nxb8 39. Rxb8 Rxa4 {KR-KR} 40. Rb2 Ra3 41. Kf2 Kg5 42. Rc2 Kh4 43. Kg2 {[#]} e4 $1 {[%mdl 512]} 44. fxe4 {The position is equal.} Kg4 45. e5 Re3 {[#]} 46. e6 $1 {[%mdl 512]} Rxe6 47. Kf2 Rh6 {( -> ...Rh2+)} 48. Rc3 Rh2+ 49. Kf1 $1 Rd2 50. Ra3 f3 {Strongly threatening ...Kg3.} 51. Ra8 Rd1+ 52. Kf2 Rd2+ 53. Kf1 Rd1+ 54. Kf2 {Precision: White = 63%, Black = 52%.} 1/2-1/2

[Event "Leiden Chess Tournament"]
[Site "Leiden"]
[Date "2017.07.22"]
[Round "8"]
[White "Ypma, Peter"]
[Black "Kuipers, Stefan"]
[Result "1/2-1/2"]
[WhiteElo "2283"]
[BlackElo "2388"]
[Annotator "NA"]
[PlyCount "34"]
[EventDate "2017.??.??"]
[EventCountry "NED"]
[SourceTitle "playchess.com"]
[Source "ChessBase"]
[SourceQuality "1"]
[TimeControl "40/5400+30:1800+30"]

{[%evp 8,32,-2,-6,32767,32767,0,21,27,24,16,7,25,4,35,28,30,18,32767,32767,24,14,7,25,20,-14,12]} 1. b3 e5 2. Bb2 Nc6 3. e3 Nf6 4. Bb5 Bd6 5. Ne2 {LiveBook: 112 Games} O-O {A01: Nimzowitsch-Larsen Opening} (5... a6 6. Bxc6 dxc6 7. d3 Qe7 8. Nd2 Be6 9. a4 O-O-O 10. a5 h5 11. Ra4 h4 12. h3 Nd7 13. Qa1 {0-1 (58) Rapport,R (2694)-Riazantsev,A (2654) Geneve 2017}) 6. O-O e4 7. Ng3 Be5 8. Bxe5 $146 ({Predecessor:} 8. Qc1 Re8 9. d4 exd3 10. cxd3 Ng4 11. Bxe5 Ncxe5 12. d4 Ng6 13. Nd2 {½-½ (30) Sundararajan,K (2424)-Wichmann,C (2361) Dresden 2014}) 8... Nxe5 9. d4 exd3 10. cxd3 d5 11. d4 Ng6 12. Be2 Re8 13. Nd2 Qd6 14. Rc1 c6 15. Qc2 Bg4 16. Qc5 Qd7 $11 17. b4 Bxe2 1/2-1/2

[Event "Leiden Chess Tournament"]
[Site "Leiden"]
[Date "2017.07.22"]
[Round "8"]
[White "Le Clercq, Maxim"]
[Black "Geboers, Jimmy"]
[Result "1-0"]
[WhiteElo "1906"]
[BlackElo "1852"]
[Annotator "NA"]
[PlyCount "75"]
[EventDate "2017.??.??"]
[EventCountry "NED"]
[SourceTitle "playchess.com"]
[Source "ChessBase"]
[SourceQuality "1"]
[TimeControl "40/5400+30:1800+30"]

1. e4 e6 2. d4 d5 3. e5 c5 4. c3 Nc6 5. Nf3 Qb6 6. a3 a5 7. a4 {LiveBook: 3 Games} cxd4 8. cxd4 Bb4+ 9. Nc3 Nge7 10. Bd3 Bd7 11. Be3 $11 Ng6 12. O-O Ngxe5 13. dxe5 d4 14. Nxd4 Nxd4 15. Bb5 Bc5 16. Bxd7+ Kxd7 17. Nb5 Rhd8 18. Bxd4 Bxd4 19. Qxd4+ Qxd4 20. Nxd4 Ke7 21. Nb5 Rd2 22. Rac1 Rad8 23. Rc7+ R8d7 24. Rfc1 Rxb2 25. g3 Rb4 26. Rxd7+ Kxd7 27. Rc7+ Ke8 28. Rxb7 Rxa4 29. Nd6+ Kf8 30. Rxf7+ Kg8 31. Re7 h6 32. Re8+ Kh7 33. Rxe6 Ra1+ 34. Kg2 a4 35. Nf5 a3 36. Ra6 a2 37. Ne3 Kg8 38. Nc2 1-0

[Event "Leiden Chess Tournament"]
[Site "Leiden"]
[Date "2017.07.22"]
[Round "8"]
[White "Van der Knaap, Jan"]
[Black "Coiffait, Casimir"]
[Result "0-1"]
[WhiteElo "1866"]
[BlackElo "1853"]
[Annotator "NA"]
[PlyCount "94"]
[EventDate "2017.??.??"]
[EventCountry "NED"]
[SourceTitle "playchess.com"]
[Source "ChessBase"]
[SourceQuality "1"]
[TimeControl "40/5400+30:1800+30"]

1. e4 e6 2. d4 d5 3. e5 c5 4. c3 Nc6 5. Nf3 Bd7 6. a3 f6 7. Bd3 fxe5 {LiveBook: 54 Games} 8. Nxe5 Nxe5 9. dxe5 g6 10. O-O Nh6 11. Nd2 Nf7 $14 12. f4 Bg7 13. Nf3 Qc7 14. Be3 O-O-O 15. b4 c4 16. Bc2 g5 17. Qe2 gxf4 18. Bxf4 Rdf8 19. Rae1 Qd8 20. Qe3 Kb8 21. Nd4 h5 22. Bg6 Nh6 23. h3 h4 24. Bg5 Qc8 25. Rf4 Be8 26. Bc2 Nf7 27. Bf6 Bh6 28. Bxh8 Rxh8 29. Qf2 Bxf4 30. Qxf4 Qd7 31. Rf1 Qe7 32. Bg6 Nd8 33. Qf6 Qxf6 34. Rxf6 Bxg6 35. Rxg6 Rh5 36. Nxe6 Nxe6 37. Rxe6 Kc7 38. Kf2 Rg5 39. Re7+ Kc6 40. Rh7 Rf5+ 41. Kg1 Rf4 42. Rh6+ Kc7 43. Rd6 d4 44. cxd4 c3 45. Rd5 b6 46. e6 c2 47. Rd7+ Kc8 0-1

[Event "Leiden Chess Tournament"]
[Site "Leiden"]
[Date "2017.07.23"]
[Round "9"]
[White "Sandipan, Chanda"]
[Black "Ypma, Peter"]
[Result "1-0"]
[WhiteElo "2575"]
[BlackElo "2283"]
[Annotator "TA"]
[PlyCount "49"]
[EventDate "2017.??.??"]
[EventCountry "NED"]
[SourceTitle "playchess.com"]
[Source "ChessBase"]
[SourceQuality "1"]

{[%evp 9,49,60,52,52,62,55,54,61,214,150,180,164,152,160,198,121,121,108,115,114,152,137,303,301,359,333,324,231,231,164,165,132,157,130,133,144,193,191,225,211,646,645]} 1. c4 e5 2. Nc3 d6 3. Nf3 f5 4. d4 {[%cal Bd2d4,Bd4d5][%mdl 32]} (4. g3 c6 5. d4 e4 6. Ng5 Be7 7. Nh3 Nf6 8. Bg5 O-O 9. Nf4 Na6 10. e3 Nc7 11. h4 Ne6 12. Nxe6 Bxe6 13. Be2 h6 14. Bxf6 Bxf6 15. h5 c5 16. dxc5 Bxc3+ 17. bxc3 dxc5 {½-½ (36) Wojtaszek,R (2749)-Agrest,E (2593) Tallinn 2016}) 4... Nc6 5. d5 Nce7 6. e4 {A21: English Opening: 1...e5 2 Nc3} g6 7. c5 Nf6 8. Bb5+ $146 {White is slightly better.} ({Find the theoretical novelty and annotate with similar games:} 8. Ng5 Bg7 9. Bc4 O-O 10. O-O fxe4 11. Ncxe4 Nxe4 12. Nxe4 Bf5 13. f3 Kh8 {0-1 (73) Ferreira,A (2221)-Danek,P (2234) Dos Hermanas 2003}) 8... c6 $2 (8... Kf7 $1 $14) 9. dxc6 Nxc6 10. Bg5 {[#] aiming for Nxe5!} h6 11. Bxf6 Qxf6 12. Qd5 ({White should try} 12. O-O $18) 12... Bd7 $16 13. O-O-O $36 {[%mdl 2048] White has strong initiative.} O-O-O 14. cxd6 Bg7 15. Kb1 Rhe8 $2 {[#]} (15... Kb8 $16 16. Rhe1 Rhf8) 16. Qc5 $18 Bf8 17. Bxc6 Bxc6 18. Nb5 Kd7 19. Nc7 {Black must now prevent Nd5.} ({Less strong is} 19. Nxa7 Bxe4+ 20. Ka1 Bxd6 $16) 19... Bxd6 20. Nxe8 Kxe8 21. Qxa7 Bxe4+ 22. Ka1 g5 23. Rhe1 g4 24. Nd2 Bb8 $2 (24... Bxg2 25. Nc4 Bc6) 25. Nxe4 {Precision: White = 80%, Black = 37%.} 1-0

[Event "Leiden Chess Tournament"]
[Site "Leiden"]
[Date "2017.07.23"]
[Round "9"]
[White "Shyam, Sundar"]
[Black "Vrolijk, Liam"]
[Result "1-0"]
[WhiteElo "2534"]
[BlackElo "2419"]
[Annotator "TA"]
[PlyCount "95"]
[EventDate "2017.??.??"]
[EventCountry "NED"]
[SourceTitle "playchess.com"]
[Source "ChessBase"]
[SourceQuality "1"]

{[%evp 16,95,11,8,31,20,27,0,18,22,19,0,0,0,0,0,0,0,-4,0,4,14,7,0,41,30,29,38,46,35,92,84,126,0,202,214,208,218,211,211,211,209,210,193,193,169,220,219,219,211,215,216,223,202,193,41,44,79,200,200,250,194,191,169,125,119,302,256,773,752,12832,12834,12841,12839,29988,29989,29990,29991,29994,29995,29995,29996]} 1. e4 e6 2. d4 d5 3. Nd2 c5 4. Ngf3 cxd4 5. Nxd4 Nf6 6. exd5 Nxd5 7. c3 Be7 8. N2f3 O-O 9. Bd3 b6 {C03: French Tarrasch: Unusual Black 3rd moves} (9... Nc6 10. Nxc6 bxc6 11. O-O Qc7 12. Qe2 Nf4 13. Bxf4 Qxf4 14. Rad1 Bf6 15. Be4 Rb8 16. Bxc6 Rb6 17. Be4 {½-½ (31) Ortiz Suarez,I (2568)-Espinosa Veloz,E (2499) Merida 2016}) 10. O-O Bb7 11. Qc2 h6 {The position is equal.} 12. Qe2 {Strongly threatening Qe4.} Nd7 13. Nxe6 fxe6 14. Qxe6+ Kh8 15. Qg6 {[%csl Gd3][%cal Rg6h7]} N5f6 $146 {[#] ...Bxf3 is the strong threat.} ({Find the theoretical novelty and annotate with similar games:} 15... N7f6 16. Bxh6 gxh6 17. Qxh6+ {1-0 (33) Csiba,D (2327)-Peitl,T (2167) Ruzomberok 2010}) 16. Bxh6 $1 {[%csl Gh6][%cal Rg6g7][%mdl 512]} Rg8 $1 (16... gxh6 17. Qxh6+) 17. Bf4 $1 {And now Ng5 would win.} Bxf3 18. gxf3 Nf8 $132 {[%mdl 2048] Black is not keeping still} (18... Nc5 $6 19. Bc4 $16) 19. Qf5 Rc8 20. Qh3+ {[%mdl 1024] White has compensation.} N8h7 21. Rad1 Qe8 $1 22. Rfe1 {Threatens to win with Bd6!} Qf7 ({Black should play} 22... Rc5 $14) 23. Bg5 {Black must now prevent Rxe7!} Rce8 24. f4 ({White should try} 24. Kf1 $1 $16) 24... Bd8 $2 (24... Bc5 $11) 25. Rxe8 $18 Rxe8 26. Bxh7 $1 Nxh7 27. Rxd8 Rxd8 28. Bxd8 Qxa2 29. Bg5 Kg8 30. Kg2 Qc4 (30... Nxg5 $142 31. Qc8+ (31. fxg5 Qd5+ 32. Kg3 Qxg5+ 33. Qg4 Qb5 $14) 31... Kh7 32. Qf5+ (32. fxg5 Qd5+ 33. Kg3 Qxg5+ 34. Qg4 Qb5 $16) 32... g6 33. Qxg5 Qe6) 31. Qf3 Nf8 32. f5 Nd7 33. Be3 Ne5 34. Qa8+ Kh7 35. Bd4 $2 ({And not} 35. Qxa7 Qg4+ 36. Kf1 Qd1+ 37. Kg2 Qg4+ 38. Kf1 Qd1+ 39. Kg2 Qg4+ $11) (35. h3 $1 $18) 35... Nc6 $14 36. b3 Qe2 (36... Qb5 $16) 37. h3 $1 $18 (37. Qxc6 Qg4+ 38. Kh1 Qd1+ 39. Kg2 Qg4+ 40. Kh1 Qd1+ 41. Kg2 Qg4+ $11) 37... Qe4+ 38. f3 Qc2+ 39. Kg3 Nxd4 40. cxd4 {[%mdl 4096] Endgame KQ-KQ} Qc1 $2 {[#]} (40... Qxf5 $16 41. Qe4 (41. Qxa7 Qg5+ 42. Kh2 Qd2+ 43. Kh1 Qf2 $11) 41... Kg6) 41. Qe4 $1 ({Worse is} 41. Qxa7 Qg5+ 42. Kh2 Qd2+ 43. Kh1 Qd1+ 44. Kh2 Qd2+ 45. Kg1 Qd1+ 46. Kf2 Qd2+ 47. Kg3 Qg5+ 48. Kh2 Qd2+ $11) 41... Qg1+ $2 (41... Qg5+ 42. Qg4 Qc1) 42. Kh4 Qf2+ 43. Kh5 Qg1 44. d5 a5 45. d6 {White mates.} Qg3 {[#]} 46. h4 $1 Qxd6 47. f6+ $1 Kg8 48. Qe8+ {Precision: White = 63%, Black = 39%.} 1-0

[Event "Leiden Chess Tournament"]
[Site "Leiden"]
[Date "2017.07.23"]
[Round "9"]
[White "Pijpers, Arthur"]
[Black "Van Delft, Merijn"]
[Result "1-0"]
[WhiteElo "2457"]
[BlackElo "2384"]
[Annotator "TA"]
[PlyCount "177"]
[EventDate "2017.??.??"]
[EventCountry "NED"]
[SourceTitle "playchess.com"]
[Source "ChessBase"]
[SourceQuality "1"]

{[%evp 9,177,22,16,17,17,17,20,17,22,22,27,22,14,17,72,63,72,73,83,77,111,100,116,115,118,111,143,150,141,0,240,206,387,366,656,492,485,482,471,278,282,258,194,195,211,197,268,204,227,121,127,79,78,83,87,90,85,84,100,36,46,40,42,39,33,33,38,37,39,41,66,27,62,47,42,40,91,35,57,35,35,35,37,35,35,34,34,8,6,0,6,6,10,6,6,6,6,6,6,6,6,0,0,-706,0,0,16,6,6,6,6,6,6,6,6,6,31,31,31,6,6,6,6,6,14,6,18,6,14,0,14,22,46,46,48,48,97,97,104,104,104,97,97,97,127,118,302,273,266,260,260,247,224,137,421,425,895,888,1704,1466,1631,1681,1285,1429,1303,1220,29970,29967,29976,29978]} 1. e4 c6 2. d4 d5 3. e5 c5 4. Nf3 cxd4 5. Nxd4 e6 6. Nd2 {B12: Caro-Kann: Advance Variation} (6. c4 Bb4+ 7. Nc3 Ne7 8. Be2 Nbc6 9. Nxc6 Nxc6 10. O-O d4 11. Ne4 Nxe5 12. Bf4 Nc6 13. c5 {1-0 (45) Ragger,M (2697)-Van Foreest,J (2612) Wijk aan Zee 2017}) 6... Nc6 7. N2f3 Nge7 8. Bd3 {The position is equal.} Nxd4 9. Nxd4 Nc6 10. Nf3 Qc7 $146 ({NOTEXT:} 10... f6 11. Qe2 fxe5 12. Nxe5 Nxe5 13. Qxe5 {1-0 (67) Kryakvin,D (2566)-Airapetian,G (2440) Sochi 2012}) 11. O-O g6 (11... Be7 $11) 12. Bf4 $36 {[%mdl 2048] White is pushing.} Bg7 {[%cal Rc6e5]} 13. Re1 h6 14. Rc1 g5 15. Bg3 Qb6 16. c4 Qxb2 17. cxd5 exd5 18. e6 Bxe6 19. Rb1 (19. Bd6 $1 $16 {And now Rb1 would win.} Rd8 20. Bc5) 19... Qxa2 $2 (19... Qf6 $1 $11) 20. Rxb7 $18 ({Weaker is} 20. Re2 Qa3 $17) 20... O-O $2 {[#]} (20... Nd8 {was called for.} 21. Rc7 Kf8) 21. Nxg5 $1 {[%mdl 512]} Rfe8 $2 ({Avoid the trap} 21... hxg5 $2 22. Qh5 $18) (21... Rae8 22. Nxe6 Rxe6 23. Rxe6 fxe6) 22. Nxe6 Rxe6 23. Rxe6 fxe6 24. h3 (24. Rc7 $142) 24... Qa1 25. Bb1 Nd8 26. Rd7 {[%mdl 1024] White has strong compensation.} Nf7 27. Qd3 $1 Rc8 (27... Re8 {keeps fighting.} 28. Rb7 Rd8) 28. Kh2 Ng5 29. Qg6 (29. h4 $1 $18 {[%cal Rh4g5]} Ne4 30. Rxd5 $1 {[%mdl 512]} Nxg3 31. fxg3) 29... Qf6 $16 30. h4 Qxg6 31. Bxg6 Ne4 32. Bf7+ Kh8 33. Bxe6 Nxg3 34. fxg3 {[%mdl 4096] Endgame KRB-KRB} (34. Kxg3 $16 {Strongly threatening f4.} Rf8 35. Rxd5) 34... Re8 35. Bf7 Re3 36. Rd8+ Kh7 37. Bxd5 Be5 38. Rd7+ Kg6 39. Bf3 a5 40. Ra7 Ra3 41. Ra6+ Kg7 42. Kh3 a4 (42... Ra4 $14) 43. h5 (43. Kg4 $16) 43... Bf6 44. Kg4 Ra1 45. Kf5 Bg5 46. Ra7+ Kf8 47. Kg6 a3 48. Bd5 Rd1 49. Bc4 Rd6+ 50. Kf5 Rc6 51. Bd5 Rc3 52. g4 Ke8 53. Be4 Kd8 54. Ke6 Be3 55. Rd7+ Kc8 {...a2 is the strong threat.} 56. Bb7+ Kb8 {Threatens to win with ...a2.} 57. Bd5 Bf4 58. Rb7+ Kc8 59. Ra7 (59. Kf5 $5 {[%cal Rf5f4]} Be3 60. Rf7 $14) 59... Re3+ 60. Kf5 Bg5 61. Be4 Kb8 62. Ra6 Kc7 63. Ke5 Rb3 64. Bd5 Rd3 65. Rc6+ Kd7 66. Rb6 Kc7 (66... Bc1 $5 {[%cal Rc1b2]} 67. Rb7+ Kd8 $14) 67. Rb7+ Kc8 {( -> ...Rxd5+!)} 68. Ra7 Kb8 69. Ra8+ Kc7 70. Ra6 Be3 71. Rc6+ Kd7 72. Ke4 a2 73. Ra6 ({Much worse is} 73. Kxd3 $6 a1=Q $11) 73... Rd1 74. Rxa2 (74. Bxa2 {seems wilder.} Bg5 75. g3 Rf1 76. Bd5 Rf2 77. Ra5) 74... Bg5 75. Ke5 Re1+ 76. Be4 Kc7 77. Ra7+ Kb6 $2 (77... Kd8 $16 78. Rg7 Ra1) 78. Rb7+ Kc5 79. Rc7+ Kb4 80. Rg7 Bd2 {White must now prevent ...Bc3+.} 81. Kd5 Be3 $2 {[%mdl 8192] [#]} (81... Rc1 $16 82. Rb7+ Kc3) 82. g5 $1 $18 Bxg5 {[#]} (82... Rh1 $142 83. Rb7+ Kc3 84. Rc7+ Kb3) 83. Rxg5 $1 {[%mdl 512]} hxg5 {KR-KB} 84. h6 {[%cal Bh5h6,Bh6h7][%mdl 32]} Rh1 85. h7 g4 86. Ke5 Kc5 87. Bg6 Rh2 88. Kf6 Kd4 89. Kg5 {Precision: White = 62%, Black = 41%.} 1-0